[Event "Moia op 3rd"]
[Site "Moia"]
[Date "2014.10.24"]
[Round "6"]
[White "Crusats Mir, Josep"]
[Black "Gallardo Espinosa, Xavier"]
[Result "1-0"]
[WhiteElo "1861"]
[BlackElo "1884"]
[PlyCount "43"]
[EventDate "2014.09.19"]
[EventType "swiss"]
[EventRounds "8"]
[EventCountry "ESP"]
[SourceTitle "EXT 2016"]
[Source "ChessBase"]
[SourceDate "2015.10.08"]
[SourceVersion "1"]
[SourceVersionDate "2015.10.08"]
[SourceQuality "1"]

1. e4 d5 2. exd5 Qxd5 3. Nc3 Qa5 4. d4 Nf6 5. Nf3 Bf5 6. Bd3 e6 7. 0-0 c6 8. Re1 Nbd7 9. Ne5 Bxd3 10. Qxd3 Qc7 11. Bf4 Bd6 12. Qh3 0-0 13. Rad1 Nd5 14. Nxd5 cxd5 15. c3 Nf6 16. Re3 Ne4 17. Qg4 Kh8 18. Rh3 Nf6 19. Qh4 Qe7 20. Bg5 h6 21. Bxh6 Nh7 22. Bg5 1-0

[Event "Moia op 3rd"]
[Site "Moia"]
[Date "2014.10.10"]
[Round "4"]
[White "Arcusa Postils, Eduard"]
[Black "Gallardo Espinosa, Xavier"]
[Result "0-1"]
[WhiteElo "1893"]
[BlackElo "1884"]
[PlyCount "38"]
[EventDate "2014.09.19"]
[EventType "swiss"]
[EventRounds "8"]
[EventCountry "ESP"]
[SourceTitle "EXT 2016"]
[Source "ChessBase"]
[SourceDate "2015.10.08"]
[SourceVersion "1"]
[SourceVersionDate "2015.10.08"]
[SourceQuality "1"]

1. e4 d5 2. exd5 Qxd5 3. Nc3 Qa5 4. d4 Nf6 5. Bc4 c6 6. Bd2 Bf5 7. Nd5 Qd8 8. Nxf6+ gxf6 9. h3 Qxd4 10. Ba5 Qe5+ 11. Qe2 Qxa5+ 12. c3 Qe5 13. Qxe5 fxe5 14. g4 Be4 15. f3 Bd5 16. Bd3 Bh6 17. Kf2 Nd7 18. b4 Nb6 19. Ne2 0-0-0 0-1

[Event "Moia op 3rd"]
[Site "Moia"]
[Date "2014.09.26"]
[Round "2"]
[White "Poyato Plaza, Daniel"]
[Black "Gallardo Espinosa, Xavier"]
[Result "1-0"]
[WhiteElo "2048"]
[BlackElo "1884"]
[PlyCount "53"]
[EventDate "2014.09.19"]
[EventType "swiss"]
[EventRounds "8"]
[EventCountry "ESP"]
[SourceTitle "EXT 2016"]
[Source "ChessBase"]
[SourceDate "2015.10.08"]
[SourceVersion "1"]
[SourceVersionDate "2015.10.08"]
[SourceQuality "1"]

1. d4 d5 2. c4 e6 3. Nc3 Nf6 4. cxd5 exd5 5. Bg5 Be7 6. e3 0-0 7. Bd3 Bg4 8. Qb3 Nbd7 9. Nge2 b6 10. h3 Bxe2 11. Bxe2 c6 12. Rc1 Ne8 13. Bxe7 Qxe7 14. Ba6 Nd6 15. Ne2 Nb8 16. Bd3 Ne4 17. Rc2 Qd6 18. 0-0 Re8 19. Rfc1 Rc8 20. Nf4 Nd7 21. Nxd5 Qxd5 22. Qxd5 cxd5 23. Rxc8+ Rxc8 24. Rxc8+ Nf8 25. Bxe4 dxe4 26. Ra8 f5 27. Rxa7 1-0

[Event "Vall del Tenes op 3rd"]
[Site "Santa Eulalia de Roncana"]
[Date "2014.06.13"]
[Round "8"]
[White "Gallardo Espinosa, Xavier"]
[Black "Yanguas Martinez, Hermogenes"]
[Result "1-0"]
[WhiteElo "1888"]
[BlackElo "1801"]
[PlyCount "67"]
[EventDate "2014.04.25"]
[EventType "swiss"]
[EventRounds "8"]
[EventCountry "ESP"]
[SourceTitle "EXT 2015"]
[Source "ChessBase"]
[SourceDate "2014.11.20"]
[SourceVersion "1"]
[SourceVersionDate "2014.11.20"]
[SourceQuality "1"]

1. d4 Nf6 2. c4 d5 3. Nf3 e6 4. Nc3 Bb4 5. e3 0-0 6. Bd3 c5 7. 0-0 cxd4 8. exd4 dxc4 9. Bxc4 Nc6 10. Bg5 Be7 11. Bd3 h6 12. Bh4 Nxd4 13. Nxd4 g5 14. Bg3 Bd6 15. Bxd6 Qxd6 16. Nf3 Rd8 17. Bc2 Qb6 18. Qe2 Bd7 19. Rab1 Bc6 20. Ne5 Bd5 21. Nxd5 exd5 22. Ng4 Re8 23. Nxf6+ Qxf6 24. Qd3 Rac8 25. Ba4 Re4 26. Bb3 Rd4 27. Qf3 Rf4 28. Qxd5 Rd8 29. Qxb7 Rd2 30. Qxa7 Qf5 31. Rbe1 Rg4 32. Re8+ Kg7 33. Be6 Rxg2+ 34. Kxg2 1-0

[Event "Vall del Tenes op 2nd"]
[Site "Vall del Tenes"]
[Date "2013.05.31"]
[Round "8"]
[White "Gallardo Espinosa, Xavier"]
[Black "Escudero Fernandez, Jesualdo"]
[Result "1-0"]
[WhiteElo "1722"]
[BlackElo "1721"]
[PlyCount "55"]
[EventDate "2013.04.05"]
[EventType "swiss"]
[EventRounds "8"]
[EventCountry "ESP"]
[SourceTitle "EXT 2014"]
[Source "ChessBase"]
[SourceDate "2013.11.20"]
[SourceVersion "1"]
[SourceVersionDate "2013.11.20"]
[SourceQuality "1"]

1. d4 Nf6 2. c4 c5 3. d5 b5 4. cxb5 a6 5. bxa6 Bxa6 6. Nc3 g6 7. Nf3 Bg7 8. e4 Bxf1 9. Kxf1 0-0 10. g3 d6 11. Kg2 Nbd7 12. Re1 Ne5 13. Nxe5 dxe5 14. h3 Nd7 15. Bg5 Bf6 16. Be3 Qc8 17. Qc2 Bg7 18. Na4 c4 19. Rec1 Nf6 20. Nb6 Qa6 21. Nxa8 Qxa8 22. Qxc4 Ne8 23. Bc5 Nd6 24. Bxd6 exd6 25. Qc7 f5 26. Qxd6 Qa7 27. Rc7 Qb8 28. Qd7 1-0

[Event "Vall del Tenes op 2nd"]
[Site "Vall del Tenes"]
[Date "2013.05.17"]
[Round "6"]
[White "Masclans Badia, Xavier"]
[Black "Gallardo Espinosa, Xavier"]
[Result "1-0"]
[WhiteElo "1772"]
[BlackElo "1722"]
[PlyCount "91"]
[EventDate "2013.04.05"]
[EventType "swiss"]
[EventRounds "8"]
[EventCountry "ESP"]
[SourceTitle "EXT 2014"]
[Source "ChessBase"]
[SourceDate "2013.11.20"]
[SourceVersion "1"]
[SourceVersionDate "2013.11.20"]
[SourceQuality "1"]

1. e4 e6 2. d4 d5 3. Nc3 Bb4 4. Bd2 c5 5. Nf3 Nc6 6. Bb5 Qa5 7. Bxc6+ bxc6 8. 0-0 Ne7 9. a3 Bxc3 10. Bxc3 Qc7 11. Re1 cxd4 12. Qxd4 f6 13. e5 f5 14. Ng5 c5 15. Qh4 Ng6 16. Qh5 Kd8 17. Ba5 Qxa5 18. Nf7+ Ke7 19. Nxh8 Nxh8 20. Qxh7 Nf7 21. Qxg7 Bb7 22. Qf6+ Kf8 23. Qxe6 f4 24. Qf6 Qd8 25. Qxf4 Ke8 26. e6 Nd6 27. e7 Qc7 28. Re6 Kd7 29. Rae1 Ne8 30. Qf5 Qc8 31. Rg6+ Kc7 32. Qe5+ Kd7 33. Rg8 Qc6 34. Qf5+ Kc7 35. h4 d4 36. Re6 Qd7 37. Qxc5+ Bc6 38. Qe5+ Kb7 39. h5 Bd5 40. Rxe8 Rxe8 41. Rd6 Qg4 42. Qxd5+ Kc7 43. Qc6+ Kb8 44. Qxe8+ Kc7 45. Qd7+ Qxd7 46. Rxd7+ 1-0

[Event "Vall del Tenes op 2nd"]
[Site "Vall del Tenes"]
[Date "2013.05.03"]
[Round "4"]
[White "Alfonso Tenez, Raul"]
[Black "Gallardo Espinosa, Xavier"]
[Result "0-1"]
[WhiteElo "1437"]
[BlackElo "1722"]
[PlyCount "73"]
[EventDate "2013.04.05"]
[EventType "swiss"]
[EventRounds "8"]
[EventCountry "ESP"]
[SourceTitle "EXT 2014"]
[Source "ChessBase"]
[SourceDate "2013.11.20"]
[SourceVersion "1"]
[SourceVersionDate "2013.11.20"]
[SourceQuality "1"]

1. e4 e5 2. Nf3 Nc6 3. Nc3 Nf6 4. Bc4 Bc5 5. 0-0 0-0 6. d3 d6 7. h3 Na5 8. Bg5 Nxc4 9. dxc4 c6 10. Nh4 h6 11. Bxf6 Qxf6 12. Qh5 Be6 13. Nd5 cxd5 14. cxd5 Bd7 15. b3 Kh7 16. Nf5 Bxf5 17. Qxf5+ Qxf5 18. exf5 Bd4 19. Rad1 b5 20. Kh2 Rac8 21. Rd2 Rc5 22. Re1 Bc3 23. Red1 Bxd2 24. Rxd2 Rfc8 25. c4 bxc4 26. bxc4 Rxc4 27. Rb2 Rc2 28. Rb7 R8c7 29. Rb8 Rxa2 30. Rb5 Rxf2 31. Ra5 e4 32. Ra3 Rxf5 33. g4 Rf2+ 34. Kg1 Rd2 35. Ra1 e3 36. Rb1 e2 37. Kf2 0-1

[Event "Vic op 31st"]
[Site "Vic"]
[Date "2011.12.20"]
[Round "8"]
[White "Mas Sayos, Lluis"]
[Black "Gallardo Espinosa, Xavier"]
[Result "0-1"]
[WhiteElo "1764"]
[BlackElo "1726"]
[PlyCount "108"]
[EventDate "2011.10.18"]
[EventType "swiss"]
[EventRounds "8"]
[EventCountry "ESP"]
[SourceTitle "EXT 2013"]
[Source "ChessBase"]
[SourceDate "2012.11.22"]
[SourceVersion "1"]
[SourceVersionDate "2012.11.22"]
[SourceQuality "1"]

1. c4 e6 2. g3 Nf6 3. Bg2 d5 4. e3 Bd7 5. cxd5 exd5 6. Nc3 Qc8 7. h3 Bd6 8. Nf3 0-0 9. Qb3 Be6 10. d4 c5 11. Bd2 c4 12. Qd1 h6 13. Nb5 Be7 14. Ne5 a6 15. Nc3 Nbd7 16. f4 b5 17. g4 b4 18. Na4 Nxe5 19. fxe5 Nd7 20. 0-0 Qb7 21. Be1 f6 22. exf6 Bxf6 23. Bg3 Rac8 24. Bd6 Rfe8 25. Qf3 Qc6 26. Bxb4 Qxa4 27. Bc3 Bh4 28. e4 Rf8 29. Qe2 Qc6 30. e5 Rxf1+ 31. Rxf1 Rf8 32. Bf3 Qb6 33. Qd2 Bg5 34. Qf2 Qd8 35. a3 Bh4 36. Qg2 Rf7 37. Bxd5 Rxf1+ 38. Kxf1 Qf8+ 39. Bf3 Qf4 40. Ke2 Bf7 41. Bd5 Nb6 42. Bxf7+ Qxf7 43. Qf3 Qg6 44. Qf5 Qc6 45. Qf3 Qa4 46. Qe4 Qd7 47. e6 Qd6 48. Kd1 Nd5 49. Bd2 Qc6 50. Qg6 Ne7 51. Qf7+ Kh8 52. Bb4 Qh1+ 53. Kc2 Qe4+ 54. Kd1 Qb1+ 0-1

[Event "Vic op 31st"]
[Site "Vic"]
[Date "2011.12.13"]
[Round "7"]
[White "Gallardo Espinosa, Xavier"]
[Black "Vicente Soriano, Josep"]
[Result "0-1"]
[WhiteElo "1726"]
[BlackElo "1849"]
[PlyCount "117"]
[EventDate "2011.10.18"]
[EventType "swiss"]
[EventRounds "8"]
[EventCountry "ESP"]
[SourceTitle "EXT 2013"]
[Source "ChessBase"]
[SourceDate "2012.11.22"]
[SourceVersion "1"]
[SourceVersionDate "2012.11.22"]
[SourceQuality "1"]

1. d4 Nf6 2. c4 g6 3. Nc3 Bg7 4. Nf3 d6 5. Bg5 h6 6. Bh4 0-0 7. e4 a5 8. Bd3 Na6 9. a3 c5 10. d5 Nd7 11. 0-0 Ne5 12. Nxe5 Bxe5 13. Qd2 Bg7 14. f4 Qe8 15. Bg3 f5 16. e5 dxe5 17. fxe5 e6 18. d6 Bd7 19. h4 Qd8 20. Ne2 g5 21. hxg5 hxg5 22. Qc3 Nb8 23. Rae1 Nc6 24. Nc1 b6 25. Bf2 Qe8 26. Re3 Rb8 27. Rfe1 g4 28. Bc2 Nd4 29. Rd3 Qh5 30. Bd1 Kf7 31. Bxd4 cxd4 32. Qxd4 Rh8 33. Kf2 Bh6 34. Ne2 Qh4+ 35. Kf1 Bc6 36. Qf2 Qh1+ 37. Ng1 Rbg8 38. b4 Bf4 39. Rd4 Bh2 40. Bxg4 Qxg1+ 41. Qxg1 Bxg1 42. Kxg1 Rxg4 43. Rd2 Rhg8 44. Ree2 axb4 45. axb4 Rxc4 46. Rc2 Bd5 47. Rxc4 Bxc4 48. Rc2 b5 49. Rd2 Ra8 50. Kf2 Ke8 51. Ke3 Kd7 52. Kd4 Kc6 53. Rb2 Ra3 54. Rd2 Rb3 55. Rd1 Rg3 56. Rd2 Rg4+ 57. Kc3 Bd5 58. Rd3 Re4 59. Rh3 0-1

[Event "Barcelona Tona op 1st"]
[Site "Barcelona"]
[Date "2011.12.07"]
[Round "5"]
[White "Gallardo Espinosa, Xavier"]
[Black "Sola Lluch, Miguel Angel"]
[Result "0-1"]
[WhiteElo "1830"]
[BlackElo "2095"]
[PlyCount "43"]
[EventDate "2011.12.05"]
[EventType "swiss"]
[EventRounds "8"]
[EventCountry "ESP"]
[SourceTitle "CBM 145 Extra"]
[Source "ChessBase"]
[SourceDate "2012.01.03"]
[SourceVersion "1"]
[SourceVersionDate "2012.01.03"]
[SourceQuality "1"]

1. d4 d5 2. c4 c6 3. Nc3 Nf6 4. Nf3 Nbd7 5. e3 e6 6. Bd3 Bd6 7. 0-0 0-0 8. c5 Bc7 9. b4 e5 10. dxe5 Nxe5 11. Nxe5 Bxe5 12. Bb2 Bxh2+ 13. Kxh2 Ng4+ 14. Kg3 Qc7+ 15. f4 Nxe3 16. Bxh7+ Kxh7 17. Qh5+ Kg8 18. Ne2 Bg4 19. Qg5 f6 20. Bxf6 Rxf6 21. Rh1 Bxe2 22. Rae1 0-1

[Event "Barcelona Tona op 1st"]
[Site "Barcelona"]
[Date "2011.12.05"]
[Round "2"]
[White "Codina Blancafort, Jordi"]
[Black "Gallardo Espinosa, Xavier"]
[Result "0-1"]
[WhiteElo "1710"]
[BlackElo "1830"]
[PlyCount "89"]
[EventDate "2011.12.05"]
[EventType "swiss"]
[EventRounds "8"]
[EventCountry "ESP"]
[SourceTitle "CBM 145 Extra"]
[Source "ChessBase"]
[SourceDate "2012.01.03"]
[SourceVersion "1"]
[SourceVersionDate "2012.01.03"]
[SourceQuality "1"]

1. e4 e5 2. Nf3 Nc6 3. Bb5 d6 4. 0-0 Nf6 5. Re1 Bg4 6. c3 a6 7. Ba4 b5 8. Bb3 Be7 9. d4 exd4 10. cxd4 Na5 11. Bc2 0-0 12. Nc3 c5 13. e5 dxe5 14. dxe5 Qxd1 15. Rxd1 Nh5 16. Nd5 Nc6 17. Re1 Bxf3 18. gxf3 Ra7 19. f4 g6 20. Be3 Nd4 21. Be4 f5 22. exf6 Bxf6 23. Rad1 Re8 24. Bxd4 Bxd4 25. Bf3 Rxe1+ 26. Rxe1 Ng7 27. Ne7+ Kf8 28. Nc6 Rd7 29. b3 Bc3 30. Re4 Rf7 31. Nb8 a5 32. Be2 Nf5 33. Re6 Nd4 34. Re3 Nxe2+ 35. Rxe2 Rxf4 36. Nd7+ Kf7 37. Nxc5 Bf6 38. f3 Bd4+ 39. Kg2 Bxc5 40. Re5 Rf5 41. Re4 Kf6 42. a4 bxa4 43. Rxa4 Bb4 44. Ra2 Rd5 45. Rc2 0-1

[Event "Vic op 31st"]
[Site "Vic"]
[Date "2011.11.29"]
[Round "6"]
[White "Gallardo Espinosa, Xavier"]
[Black "Guell Codina, Ramon"]
[Result "1/2-1/2"]
[WhiteElo "1726"]
[BlackElo "1967"]
[PlyCount "38"]
[EventDate "2011.10.18"]
[EventType "swiss"]
[EventRounds "8"]
[EventCountry "ESP"]
[SourceTitle "EXT 2013"]
[Source "ChessBase"]
[SourceDate "2012.11.22"]
[SourceVersion "1"]
[SourceVersionDate "2012.11.22"]
[SourceQuality "1"]

1. d4 d5 2. c4 e6 3. Nc3 Nf6 4. Nf3 Nbd7 5. Bg5 Be7 6. e3 0-0 7. Bd3 h6 8. Bf4 a6 9. a4 c5 10. b3 cxd4 11. exd4 Bb4 12. Bd2 Qa5 13. Qc1 dxc4 14. bxc4 e5 15. d5 Nc5 16. Qc2 Nxd3+ 17. Qxd3 e4 18. Nxe4 Bxd2+ 19. Nexd2 Re8+ 1/2-1/2

[Event "Vic op 31st"]
[Site "Vic"]
[Date "2011.10.18"]
[Round "1"]
[White "Barcelo Llobet, Lluis"]
[Black "Gallardo Espinosa, Xavier"]
[Result "0-1"]
[WhiteElo "1744"]
[BlackElo "1726"]
[PlyCount "34"]
[EventDate "2011.10.18"]
[EventType "swiss"]
[EventRounds "8"]
[EventCountry "ESP"]
[SourceTitle "EXT 2013"]
[Source "ChessBase"]
[SourceDate "2012.11.22"]
[SourceVersion "1"]
[SourceVersionDate "2012.11.22"]
[SourceQuality "1"]

1. d4 d5 2. c4 e6 3. Nf3 Nf6 4. Nc3 c5 5. e3 cxd4 6. exd4 Bb4 7. Qb3 Nc6 8. Be2 dxc4 9. Bxc4 Qe7 10. Bg5 Bd7 11. 0-0 Na5 12. Bxf6 gxf6 13. Nd5 exd5 14. Rfe1 Bxe1 15. Rxe1 Qxe1+ 16. Nxe1 Nxb3 17. Bxb3 Bc6 0-1